[Event "MCRE_KT02"]
[Site "?"]
[Date "2005.??.??"]
[Round "2"]
[White "Urban, Milos"]
[Black "Kelbl, Jiri"]
[Result "1/2-1/2"]
[WhiteElo "1600"]
[BlackElo "1600"]
[PlyCount "44"]
[EventDate "2005.??.??"]
[EventType "corr"]
[EventRounds "2"]
[SourceDate "2005.10.20"]

1. e4 e5 2. Nf3 Nc6 3. Bb5 a6 4. Bxc6 dxc6 5. O-O Qd6 6. Na3 Be6 7. Ng5 Bd7 8.
Nc4 Qg6 9. d3 f6 10. Nf3 O-O-O 11. Nh4 Qg4 12. Qxg4 Bxg4 13. h3 Be6 14. Be3
Bxc4 15. dxc4 Ne7 16. Rad1 Ng6 17. Rxd8+ Kxd8 18. Rd1+ Kc8 19. Nf5 Ne7 20.
Nxe7+ Bxe7 21. c5 Rd8 22. Rxd8+ Kxd8 1/2-1/2